| 000 | 01133nam a22003497a 4500 | ||
|---|---|---|---|
| 003 | CHAP | ||
| 005 | 20220329135323.0 | ||
| 008 | 971013s1980 r 00010 d | ||
| 010 | _a34369 | ||
| 011 | _a35341 | ||
| 035 | _a39457 | ||
| 040 | _cCHAP | ||
| 082 |
_a631.46 _bL9 |
||
| 100 | 0 | 0 |
_aLyons, James M. _969293 |
| 245 |
_aGenetic engineering of symbiotic nitrogen fixation _b: and conservation of fixed nitrogen |
||
| 260 |
_aNew York : _bPlenum, _c1980 |
||
| 300 |
_a698 p. _b: ilus. |
||
| 490 |
_aBasic life sciences _v; 17 |
||
| 590 |
_aBATCH-UPD _b10 _c20130110 _lUCH01 _h0051 |
||
| 590 |
_aBATCH-UPD _b10 _c20130110 _lUCH01 _h1817 |
||
| 590 |
_aBATCH-UPD _b10 _c20130409 _lUCH01 _h2038 |
||
| 590 |
_aBATCH-UPD _b10 _c20130410 _lUCH01 _h1151 |
||
| 590 |
_aBATCH-UPD _b10 _c20130914 _lUCH01 _h0620 |
||
| 590 |
_aCONVERSION _b10 _c20130109 _lUCH01 _h1319 |
||
| 650 | 1 | 4 |
_aGenética. _947469 |
| 650 | 1 | 4 |
_aNitrificación. _981394 |
| 650 | 1 | 4 |
_aNitrógeno _xFijación. _981472 |
| 830 | 0 |
_aBasic life sciences _v; 17 _910692 |
|
| 901 | _aBK | ||
| 942 | _cLIBRO | ||
| 949 |
_a631.46 L9 _bBC _cLIBRO _d33724000078259 _eLIBRO _h58029 _i39457 _si |
||
| 999 |
_c34369 _d34369 |
||